Fidus Interpres

Podrobná bibliografia
Hlavný autor: Święch, Jerzy (Autor)
Médium: Článok
Jazyk:francúzština

MARC

LEADER 00000nab a2200000ua 4500
001 vtls010776946
003 SK-MaSNL
005 20260303151916.0
008 230222s1972 xo |||||||||||||||||fre|
035 |a (urnnbn)urn:nbn:sk:snk:ar-a02bxe 
035 |a (uuid)bda1a04e-b7ea-4384-8d9d-6f10d012253f 
035 |a urn:nbn:sk:snk-ab4jx5 
040 |a SNKBUCL  |b slo  |c SNKBUCL  |e AACR2 
041 0 |a fre 
044 |a xo  |c SK 
100 1 |a Święch, Jerzy  |4 aut  |9 1171896 
245 1 0 |a Fidus Interpres  |c Jerzy Święch 
773 0 |t Slavica Slovaca : časopis pre slovanskú filológiu : orgán Slovenského výboru slavistov  |g Roč. 7, č. 4 (1972), s. 396-397 
958 |a OND 
958 |a EUIPO 
958 |a article3 
999 |c 2020569  |d 2022499